दरवळ आठवणींचा (Record no. 473614)

MARC details
000 -LEADER
fixed length control field 00425nam a2200157Ia 4500
008 - FIXED-LENGTH DATA ELEMENTS--GENERAL INFORMATION
fixed length control field 100204s9999 xx 000 0 und d
082 ## - DEWEY DECIMAL CLASSIFICATION NUMBER
Item number 28446
100 ## - MAIN ENTRY--PERSONAL NAME
Personal name ओक सुनेत्रा
245 ## - TITLE STATEMENT
Title दरवळ आठवणींचा
250 ## - EDITION STATEMENT
Edition statement 0
260 ## - PUBLICATION, DISTRIBUTION, ETC. (IMPRINT)
Date of publication, distribution, etc 2008
300 ## - PHYSICAL DESCRIPTION
Extent 143
630 ## - SUBJECT ADDED ENTRY--UNIFORM TITLE
Uniform title दरवळ आठवणींचा
730 ## - ADDED ENTRY--UNIFORM TITLE
Uniform title दरवळ आठवणींचा
942 ## - ADDED ENTRY ELEMENTS (KOHA)
Koha item type Book
Holdings
Withdrawn status Lost status Damaged status Not for loan Home library Current library Date acquired Cost, normal purchase price Total Checkouts Full call number Barcode Date last seen Cost, replacement price Price effective from Koha item type
        N. C. Kelkar Sarvajanik Library, Mulund N. C. Kelkar Sarvajanik Library, Mulund 08/19/2008 140.00   28446 NCKMULUND-28446 02/04/2010 140.00 02/04/2010 Book